| 000 | 00725cab a2200229 4500 | ||
|---|---|---|---|
| 001 | WB3515-31 | ||
| 008 | 090401t1999 xxu||||| |||| 00| 0 eng d | ||
| 035 | _a(Sirsi) u92885 | ||
| 041 | _aeng | ||
| 245 | _aHedgerow protection `inadequate` | ||
| 260 | _c1999 | ||
| 350 | _a0 | ||
| 490 |
_aWestern Morning News _v19 April 1999, 3(1) |
||
| 520 | _aA report published by the Council for the Protection of Rural England - Hedging your bets - brands the existing legislation aimed at protecting hedgerows 'inadequate'. | ||
| 650 | _aCOUNCIL FOR THE PROTECTION OF RURAL ENGLAND | ||
| 650 | _aCOUNTRYSIDE | ||
| 650 | _aHEDGEROWS | ||
| 650 | _aREPORTS | ||
| 690 | _aRURAL PRACTICE | ||
| 942 | _n0 | ||
| 948 | _c21/04/1999 | ||
| 999 |
_c58875 _d58875 |
||